Lana Del Rey Songs by Clue #1 - Statistics

General Stats
  • This quiz has been taken 60 times
  • The average score is 10 of 17
Answer Stats
Hint Answer % Correct
References the 1962 The Crystals song "He Hit Me (and It Felt like a Kiss)" Ultraviolence
94%
Her breakout hit featuring a vintage music video Video Games
79%
Getting high on hydroponic weed Brooklyn Baby
69%
You get ready, you get all dressed up, to go nowhere in particular Love
69%
Lana collaborates with two pop stars for Charlie's Angels Don't Call Me Angel
67%
The title track of her seventh studio album Chemtrails Over The Country Club
65%
Lana's longest song title Grandfather please stand on the shoulders of my father while he’s deep-sea fishing
63%
This is a simple song Margaret
58%
Lana on a tire swing wearing cowboy boots and a denim jacket Ride
58%
My body is a map of L.A. Arcadia
56%
The music video depicts Lana as Marilyn Monroe and ASAP Rocky as John F. Kennedy National Anthem
56%
One of Lana’s most beloved unreleased tracks for years, finally making its way to streaming platforms Say Yes to Heaven
54%
Controversial performance of this song on Saturday Night Live Blue Jeans
52%
Lana taking down a paparazzi drone with a massive gun High by the Beach
48%
Radiohead filed a copyright lawsuit for alleged similarities between this song and "Creep". Get Free
40%
A poetic metaphor blending sweetness and bitterness Cinnamon Girl
21%
An autobiographical song where Lana reminisces about her pre-fame struggles and dreams White Dress
10%
No matching quizzes found
Score Distribution
Percent of People with Each Score
Percentile by Number Answered
Your Score History
You have not taken this quiz